| 000 | 00557nam a2200193 i 4500 | ||
|---|---|---|---|
| 001 | 117433 | ||
| 003 | ES-MaACL | ||
| 005 | 20230906190913.0 | ||
| 007 | t| | ||
| 008 | 070214s1970 sp r ||||1| spa d | ||
| 100 | 1 |
_aPecunia, A. L. _989864 |
|
| 245 | 1 | 0 |
_aMasaje / _cA. L. Pecunia ; dibujos de R.Auclerc ; traductor Dr. García Reyes. |
| 260 |
_aMadrid : _bReus, _c1970. |
||
| 300 |
_a402 p. : _bil ; _c18 cm. |
||
| 650 | 0 | 4 |
_aMasaje. _914811 |
| 700 | 1 |
_aAuclerc, R. _923838 |
|
| 700 | 1 |
_aGarcía Reyes. _955173 |
|
| 852 |
_aES-MaACL _jC-49642 _bR.74795 |
||
| 999 |
_c117433 _d117433 |
||